UBT Library

Hit List Frequently Challenged Books for Children (Record no. 56961)

000 -LEADER
fixed length control field 00340nam a22001457a 4500
008 - FIXED-LENGTH DATA ELEMENTS--GENERAL INFORMATION
fixed length control field 210429b ||||| |||| 00| 0 eng d
020 ## - INTERNATIONAL STANDARD BOOK NUMBER
International Standard Book Number 9780838934586
041 ## - LANGUAGE CODE
Language code of text/sound track or separate title eng
080 ## - UNIVERSAL DECIMAL CLASSIFICATION NUMBER
Universal Decimal Classification number 37
082 ## - DEWEY DECIMAL CLASSIFICATION NUMBER
Classification number 37
100 ## - Rafti
Rafti 46
101 ## - Shkurtesa
Shkurtesa EDU
245 ## - TITLE STATEMENT
Title Hit List Frequently Challenged Books for Children
Statement of responsibility, etc Pistolis,D.R
942 ## - ADDED ENTRY ELEMENTS (KOHA)
Source of classification or shelving scheme
Item type Books

No items available.

UBT Library © 2015-2024. All rights reserved University Education for Business and Technology